Fertilización del olivo en el valle del Huasco
Na minha lista:
| Main Authors: | , , |
|---|---|
| Formato: | Livro |
| Idioma: | espanhol |
| Publicado em: |
La Serena
Centro Regional de Investigación Intihuasi
2000
|
| Colecção: | Boletín Técnico INIA, 45
|
| Assuntos: | |
| Tags: |
Adicionar Tag
Sem tags, seja o primeiro a adicionar uma tag!
|
MARC
| LEADER | 00000nam a2200000 a 4500 | ||
|---|---|---|---|
| 001 | UCI4664 | ||
| 003 | CL-VaPUC | ||
| 008 | 080125e20000000CL |||||||||||||||||spa|d | ||
| 082 | 0 | 4 | |a 634.63 |b IBA |2 21 |
| 100 | |a Ibacache González, Antonio |e author |9 784432 | ||
| 700 | 0 | |a Sierra Bernal, Carlos |e author |9 526667 | |
| 700 | 0 | |a Tapia Contreras, Francisco |e author |9 526668 | |
| 245 | 1 | 0 | |a Fertilización del olivo en el valle del Huasco |
| 300 | |a 12 p | ||
| 942 | |c BK | ||
| 945 | |d 20080125 00:00:00 |a jtorresc | ||
| 260 | |a La Serena |b Centro Regional de Investigación Intihuasi |c 2000 | ||
| 650 | 0 | |a Aceitunas |9 264821 | |
| 650 | 0 | |a Cultivo |9 264268 | |
| 650 | 7 | |a OLIVOS |2 CL-VaPUC |9 403468 | |
| 650 | 0 | |a Almacenamiento |9 341876 | |
| 650 | 0 | |a Industria alimentaria |9 331702 | |
| 650 | 7 | |a PASTAS ALIMENTICIAS |2 CL-VaPUC |9 526669 | |
| 650 | 0 | |a Control de calidad |9 259714 | |
| 651 | 7 | |a VALLENAR |2 CL-VaPUC |9 446017 | |
| 651 | 0 | |a La Serena |9 313924 | |
| 651 | 7 | |a CHILE |2 CL-VaPUC |9 526670 | |
| 583 | |a last modification |c 20080125 00:00:00 |k Rodrigo Vera | ||
| 490 | 0 | |a Boletín Técnico INIA, 45 | |
| 999 | |c 328559 |d 328557 | ||
| 952 | |0 0 |1 0 |4 0 |6 634_630000000000000_IBA_2000 |7 0 |8 A |9 412517 |a BIBAGR |b BIBAGR |d 2019-11-22 |i 4406249 |o 634.63 IBA 2000 |p 4406249 |r 2024-01-30 |w 2019-11-22 |y BK |k AGR | ||